00317nam a2200121Ia 4500008004100000020001800041041001200059100001400071245005500085260003100140300000800171650001600179221030s9999 xx 000 0 und d a9788192355207 aEnglish aS. Bansal 0aComputer Fundamentals & Applicationscby S. Bansal bApex Pub.aNew Delhic2012 a539 aBB Computer